000 00589nam a2200181 a 4500
003 PILC
005 20150112093442.0
008 100726s19uu xx 00 eng d
020 _a971885732X
050 _aDS 666
_b.T882 2005
082 _aSFf 305.895
_bK12 2005
100 _aKaisa Para sa Kaularan Inc.
_919707
245 _aTsinoy :
_bThe story of the chinese in the Philippines /
260 _aManila, Philipppines :
_bKaisa Para sa Kaunlaran, Inc,
_c2005.
300 _a267 pages :
_bcolored illustration ;
_c30 cm.
650 _aChinese in the philippines
_919708
942 _2lcc
_cBK
999 _c14781
_d14781